| 000 | 01484nam a2200409 i 4500 | ||
|---|---|---|---|
| 001 | 55299 | ||
| 003 | KOSZ 005 | ||
| 005 | 20211103112633.0 | ||
| 008 | 180720s1987 pl a g 001 0 pol | ||
| 015 | _aPB 1988/2250 | ||
| 020 | _a8320905575 | ||
| 040 |
_aWA N _cWA N _dKOSZ 005/RW _dKOSZ 005/HR |
||
| 046 | _k1987 | ||
| 080 | _a002.2(100)(091) | ||
| 080 | _a002.2(438)(091) | ||
| 080 | _a(075.3) | ||
| 100 | 1 |
_aBieńkowska, Barbara _d(1934- ) _eAutor |
|
| 245 | 1 | 0 |
_aZarys dziejów książki / _cBarbara Bieńkowska, Halina Chamerska. |
| 260 |
_aWarszawa : _bCentrum Ustawicznego Kształcenia Bibliotekarzy. Wydawnictwo Spółdzielcze, _c1987. |
||
| 300 |
_a434, [2] strony : _bilustracje, faksy, fotografie, mapy, portrety, rysunki ; _c20 cm. |
||
| 336 |
_aTekst _btxt _2rdacontent |
||
| 337 |
_aBez urządzenia pośredniczącego _bn _2rdamedia |
||
| 338 |
_aWoluumin _bnc _2rdacarrier |
||
| 380 | _aKsiążki | ||
| 388 | _a1901-2000 | ||
| 388 | _a1945-1989 | ||
| 504 | _aIndeksy. | ||
| 655 | 7 | _aKsiążki | |
| 655 | 7 | _aPodręczniki dla szkół zawodowych | |
| 658 | _aBibliotekarstwo, archiwistyka, muzealnictwo | ||
| 658 | _aHistoria | ||
| 658 | _aKultura i sztuka | ||
| 700 | 1 |
_aChamerska, Halina _d(1922-2008) _eAutor |
|
| 710 | 2 |
_aCentrum Ustawicznego Kształcenia Bibliotekarzy _4pbl. |
|
| 856 |
_uhttp://koha.tu.koszalin.pl/cgi-bin/koha/opac-detail.pl?biblionumber=55299 _yKatalog online BPK |
||
| 942 |
_2UKD _cKS |
||
| 999 |
_c55299 _d55299 |
||